000 00375nam a2200145Ia 4500
008 100122s9999 xx 000 0 und d
082 _b64848
_a641.5
100 _aIAN PEREIRA
245 _aCLASSIC COOKING OF PUNJAB
260 _bALLIED PUBLICATION
_c2004
300 _a100
630 _aCLASSIC COOKING OF PUNJAB
730 _aCLASSIC COOKING OF PUNJAB
942 _cBOOK
999 _c379710
_d379707